000 00548nam a2200229Ia 4500
003 OSt
005 20220924145516.0
006 a|||||r|||| 00| 0
007 ta
008 TEL
024 _a328984
037 _cTextual
040 _aARTS
_cARTS
_bTEL
041 _2TEL
_aTEL
082 _aDelta2xL12, 35K0
100 _aVeerabrahmamu Au.
_9219894
245 0 _aKalagnanata tamulu
260 _c1960
650 _aSPIRurdALISM
942 _hDelta2xL12, 35K0
_cTEXL
_2CC
999 _c460270
_d460270